Open Data Biblioteca Nacional de Portugal


República Portuguesa: Ministério da Cultura
Biblioteca Nacional de Portugal

Catálogo da BNP: acesso por Identificadores Unívocos
Registos Bibliográficos associados ao registo de autoridade

Etiqueta de registo: 00865ckm 2200253 450
001 882032
003 http://id.bnportugal.gov.pt/bib/catbnp/882032
005 19990709091700.0
095 ## $aPTBN01010199
100 ## $a19980922d1976 am y0pory0103 ba
101 0# $apor
102 ## $aPT
200 1# $aTartufo, de Molière$bVisual gráfico]$fCentro Cultural de Setúbal$gdesign e fotomontagem de J. Garizo
210 #9 $aSetúbal$cC.C.,$dimp. 1976
215 ## $a1 cartaz$ccolor.$d69x42 cm
317 ## $aColeção Madeira Luís$5PTBN: CT. 25501 A.
675 ## $a792(469.412)"1976"(084.5)$vBN$zpor$3802881
675 ## $a766(=1:469)"197"(084.5)$vBN$zpor$31270858
702 #1 $aCarmo,$bGarizo do,$f1927-1997$4410$330997
710 02 $aCentro Cultural de Setúbal$3797265
801 #0 $aPT$bBN$gRPC
856 40 $uhttps://purl.pt/7604
856 41 $uhttps://purl.pt/7604/service/media/cover/low
958 ## $aBND$bInterno$cDigitalizado
966 ## $lBN$mICONOG$sCT. 529 A.$x1
966 ## $lBN$mICONOG$sCT. 25501 A.$x3

Etiqueta de registo: 00000nkm 2200025 450
001 2281162
003 http://id.bnportugal.gov.pt/bib/catbnp/2281162
100 ## $a20260317d1984 m y0pory01030103ba
101 0# $apor
102 ## $aPT
200 1# $a«6º» Ciclo Cinema, Claustros do Convento de Jesus (Setúbal), 20 de agosto a 26 de setembro 1984$bVisual gráfico]$fCentro Cultural de Setúbal$gdesign Carlos Curto
210 #9 $aSetúbal$cCentro Cultural de Setúbal,$d1984
215 ## $a1 cartaz$ccolor.$d48,4x33,3 cm
317 ## $aColeção Madeira Luís
702 #1 $aCurto,$bCarlos$3199355
710 02 $aCentro Cultural de Setúbal$3797265
712 01 $aPortugal.$bMinistério da Cultura$31303198
712 02 $aInstituto Alemäo$3529329
712 01 $aPortugal.$bRegião de Turismo de Setúbal - Costa Azul$3190707
801 #0 $aPT$bBN$gRPC
966 ## $lBN$mICONOG$sCT. 16380 V.$x3
971 ## $cCatmusica8$d20260317
995 ## $aPRR2026

Etiqueta de registo: 00000nkm 2200025 450
001 2281721
003 http://id.bnportugal.gov.pt/bib/catbnp/2281721
100 ## $a20260319d1979 m y0pory01030103ba
101 0# $apor
102 ## $aPT
200 1# $a4º Festival de Teatro, Homenagem a Bernardo Santareno, Claustros do Convento de Setúbal, 7 a 22 de julho de 1979$bVisual gráfico]$fCentro Cultural de Setúbal, Teatro de Animação de Setúbal, Câmara Municipal de Setúbal
210 #9 $aSetúbal$cCentro Cultural de Setúbal,$d1979
215 ## $a1 cartaz$ccolor.$d49,6x34,8 cm
317 ## $aColeção Madeira Luís
710 02 $aFestival de Teatro$d4$eSetúbal$f1979$31992464
712 02 $aTeatro Animação de Setúbal$3788354
712 01 $aSetúbal.$bCâmara Municipal$316012
712 02 $aCentro Cultural de Setúbal$3797265
801 #0 $aPT$bBN$gRPC
966 ## $lBN$mICONOG$sCT. 16650 V.$x3
971 ## $cCaticonografia6$d20260319
995 ## $aPRR2026

Etiqueta de registo: 00000nkm 2200025 450
001 2279723
003 http://id.bnportugal.gov.pt/bib/catbnp/2279723
100 ## $a20260312f1980 m y0pory01030103ba
101 0# $apor
102 ## $aPT
200 1# $a«6.º» Festival de Teatro de Setúbal, Claustros do Convento de Jesus, 10 a 20 de julho$bVisual gráfico]$gdesign Rui Mesquita
210 #9 $a[S.l.$cs.n.],$d[1980]$eLisboa :$gCasa Portuguesa)
215 ## $a1 cartaz$ccolor.$d67,8x47,8 cm
306 ## $aDatação atribuída em conformidade com o evento anunciado
317 ## $aColeção Madeira Luís
702 #1 $94$aMesquita,$bRui$31991035
710 01 $aFestival de Teatro de Setúbal,$d6,$eSetúbal,$f[1980]$31993445
712 02 $aCentro Cultural de Setúbal$3797265
712 01 $aPortugal.$bDirecção Geral da Acção Cultural$383418
712 02 $aGulbenkian$31412946
712 01 $aSetúbal.$bCâmara Municipal$316012
801 #0 $aPT$bBN$gRPC
966 ## $lBN$mICONOG$sCT. 24411 A.$x3
971 ## $cCaticonografia5$d20260312
995 ## $aPRR2026

OpendataBNP@bnportugal.pt | Mais informação sobre acesso aos dados BNP